Quiz énigme "anniversaire" - Statistiques

Statistiques générales
  • Ce quiz a été pris 526 fois
  • Le résultat moyen est 28 sur 61
Statistiques - réponses
Catégories Questions Réponses % Correct
Littérature commençant par la lettre ... Elle a suivi un lapin vers le pays de merveilles Alice (3)
99%
Littérature commençant par la lettre ... Enfant qui ne voulait pas grandir Peter Pan (5)
77%
Emojis (pays) Italie (0)
72%
Littérature commençant par la lettre ... Grande blonde originaire du village d'Astérix dont Obélix tombe amoureux Falbala (2)
69%
Préjugés sur... Les Français sortiraient toujours avec ce type d'aliment sous le bras. Baguette (0)
68%
Préjugés sur... Les Italiens ne sauraient parler sans faire de grands ... Gestes (2)
68%
Entreprises par images Lego (1)
67%
Focus sur: Personnages - Harry Potter Couleur des cheveux de Drago Malefoy Blond (1)
66%
Cocorico! Quel est le plus grand musée d'art au monde? Louvre (3)
64%
Pyramides de mots Contraire de meilleur Pire (4)
62%
Livres par synonymes Le Voyage autour de la planète en 11 semaines et demie Le Tour du monde en 80 jours (1)
60%
Pyramides de mots 3,1415... Pi (3)
60%
Entreprises par images Renault (4)
59%
Préjugés sur... Tous les Chinois travailleraient à l'... Usine (1)
59%
Pyramides de mots Oiseau voleur Pie (2)
58%
Entreprises par images Louis Vuitton (6)
57%
Littérature commençant par la lettre ... Thésée parvint à le tuer Minotaure (1)
57%
Cocorico! Quelle série de bandes-dessinées est la plus vendue au monde? Astérix (9)
55%
Dictionnaire Aller en différents lieux pour voir du pays Voyager (3)
53%
Dictionnaire Faire descendre par le gosier Avaler (6)
52%
Pyramides de mots Flibustier, corsaire Pirate (5)
51%
Focus sur: Personnages - Harry Potter Père de Harry Potter James Potter (2)
50%
Pyramides de mots Bouffon, plaisantin Pitre (1)
50%
Lettre mystère M
49%
Dictionnaire Carte plane représentant le globe terrestre Planisphère (5)
46%
Littérature commençant par la lettre ... Auteur de l'ensemble de livres les Rougon-Macquart Emile Zola (2)
45%
Lettre mystère C
43%
Emojis (personnage Tintin) Capitaine Haddock (0)
43%
Focus sur: Personnages - Harry Potter Maison fréquentée par Albus Dumbledore Gryffondor (2)
43%
Lettre mystère E
42%
Focus sur: Personnages - Harry Potter Patronus de Severus Rogue Biche (2)
41%
Lettre mystère O
41%
Lettre mystère R
40%
Lettre mystère A
39%
Lettre mystère I
39%
Lettre mystère T
39%
Emojis (personnage Mario) Yoshi (0)
39%
Emojis (personnage de bande-dessinée) Balthazar Picsou (0)
38%
Préjugés sur... Politiquement parlant, tous les Russes seraient... Communistes (0)
38%
Livres par synonymes En quête des secondes égarées A la recherche du temps perdu (0)
37%
Livres par synonymes La Citadelle de ma génitrice Le Château de ma mère (3)
37%
Dictionnaire Exercer une activité cérébrale Penser (2)
37%
Livres par synonymes Dizaine de Noirs chétifs Dix petits Nègres (1)
36%
Cocorico! Quel homme est considéré comme le rénovateur des Jeux Olympiques modernes? Pierre de Coubertin (3)
36%
Préjugés sur... Les Belges termineraient toutes leurs phrases par... "Une fois" (0)
36%
Dictionnaire Broyer des grains avec une meule Moudre (4)
35%
Cocorico! Quelle femme est à ce jour l'humain ayant vécu le plus longtemps? Jeanne Calment (1)
34%
Focus sur: Personnages - Harry Potter Nom de l'animal de compagnie de Hermione Granger Pattenrond (2)
34%
Lettre mystère S
34%
Livres par synonymes Le Spectre du Théâtre Le Fantôme de l'Opéra (0)
33%
Emojis (livre) Charlie et la chocolaterie (1)
32%
Lettre mystère U
32%
Cocorico! Quelle entreprise créatrice de Rayman produit le plus de jeux vidéo en Europe? Ubisoft (2)
31%
Noms de personnes célèbres par éléments chimiques Cérium-Souffre-Argon Jules César (7)
27%
Mot de passe Merci à tous!
25%
Entreprises par images Sega (4)
25%
Entreprises par images Bose (4)
23%
Noms de personnes célèbres par éléments chimiques Bore-Oxygène-Carbone-Uranium-Sélénium Paul Bocuse (5)
21%
Noms de personnes célèbres par éléments chimiques Vanadium-Erbium-Lanthane-Iode-Néon Paul Verlaine (3)
18%
Noms de personnes célèbres par éléments chimiques Lanthane Fluor-Oxygène-Azote-Tantale-Iode-Néon Jean de La Fontaine (2)
15%
Noms de personnes célèbres par éléments chimiques Phosphore-Argent-Azote-Yttrium Florent Pagny (4)
13%
Aucun quiz correspondant
Distribution des résultats
% des personnes avec chaque résultat
Percentile par nombre de réponses
Votre historique - résultats
Vous n’avez pas pris ce quiz